Developmental biology: Embroys,plants and regeneration. (Record no. 29705)

MARC details
000 -LEADER
fixed length control field 00333nam a2200121Ia 4500
082 ## - DEWEY DECIMAL CLASSIFICATION NUMBER
Classification number 577.218
Item number BRO
100 ## - MAIN ENTRY--AUTHOR NAME
Personal name BROOKBANK, John W
245 #0 - TITLE STATEMENT
Title Developmental biology: Embroys,plants and regeneration.
260 ## - PUBLICATION, DISTRIBUTION, ETC. (IMPRINT)
Place of publication New York
Name of publisher Harper &Row
Year of publication 1978
650 ## - SUBJECT ADDED ENTRY--TOPICAL TERM
Topical Term Embryology
942 ## - ADDED ENTRY ELEMENTS (KOHA)
Koha item type Books
Holdings
Withdrawn status Lost status Damaged status Not for loan Home library Current library Date acquired Full call number Accession Number Koha item type
        RRII Library RRII Library 16/12/2021 577.218 BRO 10287 Books